The Concept of the Exponential Economy: Theoretical Issues and Empirical Findings

Teoretický výklad pojmu exponenciálna ekonomika. Daná ekonomika ako súlad teórie novej ekonomiky a teórie udržateľného rozvoja. Moorov zákon. Empirické poznatky potvrdzujúce nástup exponenciálnej ekonomiky.

Enregistré dans:
Détails bibliographiques
Auteur principal: Leško, Peter, 1989-
Format: Chapitre de livre
Langue:anglais
Sujets:
Tags: Ajouter un tag
Pas de tags, Soyez le premier à ajouter un tag!

MARC

LEADER 00000naa a2200000 4500
001 0259546
005 20240712115509.5
041 0 |a eng 
044 |a UA 
245 1 0 |a The Concept of the Exponential Economy: Theoretical Issues and Empirical Findings  |c Peter Leško 
520 |a Teoretický výklad pojmu exponenciálna ekonomika. Daná ekonomika ako súlad teórie novej ekonomiky a teórie udržateľného rozvoja. Moorov zákon. Empirické poznatky potvrdzujúce nástup exponenciálnej ekonomiky. 
610 2 0 |a technológie nové 
610 2 0 |a rozvoj trvalo udržateľný 
610 2 0 |a priemysel 4.0 
610 2 0 |a transformácia digitálna 
610 2 0 |a zmeny technologické 
100 1 |a Leško, Peter, 1989-